Normal view
MARC view
- Rockefeller Center
Entry Corporate Name
001 - CONTROL NUMBER
- control field: 11988
003 - CONTROL NUMBER IDENTIFIER
- control field: NUST
005 - DATE AND TIME OF LATEST TRANSACTION
- control field: 20180726053810.0
008 - FIXED-LENGTH DATA ELEMENTS
- fixed length control field: 180726|| aca||aabn | a|a d
040 ## - CATALOGING SOURCE
- Original cataloging agency: NUST
- Transcribing agency: NUST
110 ## - HEADING--CORPORATE NAME
- Corporate name or jurisdiction name as entry element: Rockefeller Center
- Form subdivision: Fiction.
670 ## - SOURCE DATA FOUND
- Source citation: Work cat.: (NUST)174386: Clark, Mary Higgins. 11983, The Christmas thief /, 2004.
